Enemy of the State /
February 14, 2014 - Businessman Bill Browder says he's had his life threatened as the victim of outrageous corruption perpetrated by the Russian government. Browder's fight to expose corruption has led to a rift between the U.S. and Russia. Watch Scott Pelley's report.
| Other Authors: | , |
|---|---|
| Format: | Video |
| Language: | English |
| Language Notes: | In English. Original language in English. |
| Published: |
New York, NY :
Columbia Broadcasting System,
2014.
|
| Series: | 60 Minutes
|
| Subjects: | |
| Online Access: | Connect to this streaming video (Alexander Street Press) |
MARC
| Tag | First Indicator | Second Indicator | Subfields |
|---|---|---|---|
| LEADER | 00000cgm a2200000Mi 4500 | ||
| 001 | in00005604635 | ||
| 006 | m o c | ||
| 007 | cr |n||||||||a | ||
| 007 | vz |za|z| | ||
| 008 | 160329s2014 nyu014 e o vneng d | ||
| 005 | 20241201234441.4 | ||
| 035 | |a (OCoLC)on1373530237 | ||
| 040 | |a CJT |b eng |e rda |c CJT |d OCLCF |d OCLCO |d OCLCL |d OCLCQ | ||
| 035 | |a (OCoLC)1373530237 | ||
| 082 | 0 | 4 | |a 791.4372 |q OCoLC |2 22/eng/20240417 |
| 049 | |a TXAM | ||
| 245 | 0 | 0 | |a Enemy of the State / |c produced by Henry Schuster. |
| 264 | 1 | |a New York, NY : |b Columbia Broadcasting System, |c 2014. | |
| 300 | |a 1 online resource (14 minutes). | ||
| 306 | |a 001341 | ||
| 336 | |a two-dimensional moving image |b tdi |2 rdacontent | ||
| 337 | |a video |b v |2 rdamedia | ||
| 337 | |a computer |b c |2 rdamedia | ||
| 338 | |a other |b vz |2 rdacarrier | ||
| 338 | |a online resource |b cr |2 rdacarrier | ||
| 347 | |a data file |2 rda | ||
| 490 | 0 | |a 60 Minutes | |
| 546 | |a In English. | ||
| 546 | |a Original language in English. | ||
| 500 | |a Title from resource description page (viewed March 29, 2016). | ||
| 520 | |a February 14, 2014 - Businessman Bill Browder says he's had his life threatened as the victim of outrageous corruption perpetrated by the Russian government. Browder's fight to expose corruption has led to a rift between the U.S. and Russia. Watch Scott Pelley's report. | ||
| 650 | 0 | |a Banks and banking |x Corrupt practices |z Russia (Federation) | |
| 651 | 0 | |a Russia (Federation) |x Politics and government. | |
| 650 | 4 | |a 2010s. | |
| 650 | 4 | |a International relations. | |
| 650 | 4 | |a Government. | |
| 650 | 4 | |a Banks and banking. | |
| 650 | 4 | |a Political corruption. | |
| 651 | 4 | |a Russia. | |
| 650 | 6 | |a Banques |x Pratiques déloyales |z Russie. | |
| 650 | 7 | |a Banks and banking |x Corrupt practices |2 fast | |
| 650 | 7 | |a Politics and government |2 fast | |
| 651 | 7 | |a Russia (Federation) |2 fast |1 https://id.oclc.org/worldcat/entity/E39PBJhhmCp3jtcMQbx3WgpXVC | |
| 655 | 4 | |a News story. | |
| 655 | 7 | |a Television news programs |2 fast | |
| 655 | 7 | |a Television news programs. |2 lcgft | |
| 655 | 7 | |a Téléjournaux. |2 rvmgf | |
| 700 | 1 | |a Pelley, Scott, |d 1957- |4 rpt | |
| 700 | 1 | |a Schuster, Henry. |4 pro | |
| 700 | 1 | |a Schuster, Henry, |e producer. | |
| 710 | 2 | |a CBS News. |4 prn | |
| 856 | 4 | 0 | |u http://proxy.library.tamu.edu/login?url=https://www.aspresolver.com/aspresolver.asp?MARC;5576467 |z Connect to this streaming video (Alexander Street Press) |t 0 |
| 955 | |a Alexander Street Press subscription streaming video | ||
| 994 | |a 92 |b TXA | ||
| 999 | f | f | |s 4ac55585-171c-4198-a3ae-bfd400460353 |i 38056b7e-2015-43b6-8422-ac5745576511 |t 0 |
| 952 | f | f | |a Texas A&M University |b College Station |c Electronic Resources |d Available Online |t 0 |h Library of Congress classification |
| 998 | f | f | |t 0 |l Available Online |